000 00397nam a22001577a 4500
003 MPLRDC
005 20220104124810.0
008 210129b ||||| |||| 00| 0 eng d
082 _a610.4 BY-4 v.1 c.2
100 _a柏杨
245 _a中国人史纲. 上册
_c
260 _a
_b星光出版社
_c
300 _b
650 _a中国通史--杂史、专史
942 _cBK
_o610.4 BY-4 v.1 c.2
999 _c22234
_d22224